| 000 | 01277ngm a22003370a 4500 | ||
|---|---|---|---|
| 001 | PT45363 | ||
| 003 | AR-LpoUNG | ||
| 005 | 20210201235952.0 | ||
| 007 | vd cvaizq | ||
| 008 | 191001s1992||||ag |||||||||||||||||spa d | ||
| 040 |
_aAR-LpoUNG _bspa _cAR-LpoUNG _eaacr |
||
| 041 | _aspa | ||
| 044 | _aag | ||
| 082 | 0 | _a302.17 381sil | |
| 100 | 1 |
_aRejtman, Martín _edir. |
|
| 245 | 1 | 0 | _aSilvia Prieto |
| 260 |
_aBuenos Aires : _bTranseuropa, _c1992. |
||
| 300 | _aDVD (92min.) : son., col. | ||
| 505 | 0 | _aIntérpretes: Rosario Bléfari y Valeria Bertucelli. Fotografía: Paula Grandío. Sonido: Néstor Frenkel. Subtítulos en inglés, francés y portugués. Con comentarios del director y de la protagonista. | |
| 520 | _aEl día de su cumpleaños número veintisiete, Silvia Prieto decide cambiar de vida. Consigue trabajo de moza en un bar, se compra un canario y deja de fumar marihuana. Cuando se entera de la existencia de otra mujer que también se llama Silvia Prieto, su mundo empieza a tambalearse. | ||
| 650 | 4 | _aASPECTOS PSICOLOGICOS | |
| 650 | 4 | _aDRAMA | |
| 650 | 4 | _aMEDIO URBANO | |
| 650 | 4 | _aMUJERES | |
| 650 | 4 | _aRELACIONES HUMANAS | |
| 651 | 4 | _aArgentina | |
| 653 | _aCINE ARGENTINO | ||
| 653 | _aVIDEOS | ||
| 905 | _a45363 | ||
| 942 | _cDVD | ||
| 999 |
_c53884 _d53884 |
||